[Event "Xtracon Grand Master 2013"]
[Site "Asgaard Skole, Koge"]
[Date "2013.10.17"]
[Round "4.16"]
[White "Severinsen, Frank"]
[Black "Danielsen, Henrik"]
[Result "0-1"]
[WhiteElo "1100"]
[BlackElo "2501"]
[PlyCount "82"]
[EventDate "2013.??.??"]
[WhiteTeam "Skakklubben K41"]
[BlackTeam "BMS Skak"]

1. e4 c5 2. d4 cxd4 3. c3 dxc3 4. Nxc3 Nc6 5. Nf3 d6 6. Bb5 Bd7 7. O-O e6 8.
Bf4 a6 9. Ba4 Qb8 10. Rc1 Nf6 11. Re1 b5 12. Bb3 Ng4 13. Bg3 Nge5 14. a3 Nxf3+
15. Qxf3 Ne5 16. Qd1 Be7 17. Kh1 Ra7 18. f4 Nc4 19. Rc2 O-O 20. Bf2 Rc7 21. Ne2
Rfc8 22. Nd4 e5 23. fxe5 dxe5 24. Nf5 Bxf5 25. exf5 Bf6 26. Bg3 Rd8 27. Qc1 Qc8
28. Bxe5 Bxe5 29. Rxe5 Nxe5 30. Rxc7 Qxf5 31. h3 h5 32. Qe1 Qf6 33. Qe2 g6 34.
Ra7 Kg7 35. Ba2 Rd6 36. b4 Rc6 37. Qd2 h4 38. Qe3 Rd6 39. Qe2 Qg5 40. Rc7 Rd2
41. Qf1 Rxa2 0-1

[Event "Xtracon Grand Master 2013"]
[Site "Asgaard Skole, Koge"]
[Date "2013.10.17"]
[Round "4.27"]
[White "Keinicke, Mads"]
[Black "Jørgensen, Rasmus"]
[Result "1-0"]
[WhiteElo "1693"]
[BlackElo "2062"]
[PlyCount "101"]
[EventDate "2013.??.??"]
[WhiteTeam "Nørrebro Skakklub"]
[BlackTeam "Skakklubben K41"]

1. d4 g6 2. Nf3 Bg7 3. e4 d6 4. Nc3 a6 5. Be3 b5 6. a3 Nd7 7. Qd2 Bb7 8. Be2
Rc8 9. d5 c6 10. Bd4 Ngf6 11. dxc6 Bxc6 12. Bd3 O-O 13. O-O e5 14. Be3 d5 15.
exd5 Nxd5 16. Nxd5 Bxd5 17. Bxb5 Bxf3 18. Bxd7 Rc7 19. Ba4 Qh4 20. gxf3 Qxa4
21. c3 Qc6 22. Qe2 f5 23. Rad1 e4 24. fxe4 f4 25. Bd4 f3 26. Qe3 Re7 27. Bxg7
Kxg7 28. Qd4+ Qf6 29. Qxf6+ Rxf6 30. Rd4 Re5 31. Kh1 Rf4 32. Re1 g5 33. Rd5 Kf6
34. Rxe5 Kxe5 35. h3 h5 36. Kh2 a5 37. b4 a4 38. c4 Kd4 39. c5 h4 40. e5 g4 41.
hxg4 Rxg4 42. e6 Rg8 43. e7 Re8 44. Kh3 Kd5 45. Kxh4 Kc6 46. Kg3 Kd7 47. Kxf3
Kc6 48. Kg2 Rg8+ 49. Kf1 Re8 50. f4 Kb5 51. f5 1-0